El maestro Gómez-Moreno contado por el mismo (Record no. 40900)

MARC details
000 -LEADER
campo de control de longitud fija 00822nam a2200205 i 4500
001 - NÚMERO DE CONTROL
campo de control 40900
003 - IDENTIFICADOR DE NÚMERO DE CONTROL
campo de control ES-MaACL
005 - FECHA Y HORA DE LA ÚLTIMA TRANSACCIÓN
campo de control 20251002204010.0
007 - CAMPO FIJO DE DESCRIPCIÓN FÍSICA--INFORMACIÓN GENERAL
campo de control de longitud fija t|
008 - DATOS DE LONGITUD FIJA--INFORMACIÓN GENERAL
campo de control de longitud fija 030307s1977 sp ||||1| spa d
100 1# - ENTRADA PRINCIPAL--NOMBRE DE PERSONA
Nombre de persona Carriazo y Arroquia, Juan de Mata.
9 (RLIN) 35736
245 13 - MENCIÓN DEL TÍTULO
Título El maestro Gómez-Moreno contado por el mismo
Resto del título : discurso leído el día 8 de mayo de 1977 en su recepción pública /
Mención de responsabilidad, etc. por Juan de Mata Carriazo y Arroquia ; contestación de Emilio García Gómez.
260 ## - PUBLICACIÓN, DISTRIBUCIÓN, ETC.
Lugar de publicación, distribución, etc. Sevilla :
Nombre del editor, distribuidor, etc. [s.n.,
Fecha de publicación, distribución, etc. 1977] (
Fabricante Imp. del C.S.I.C.)
300 ## - DESCRIPCIÓN FÍSICA
Extensión 89 p. ;
Dimensiones 23 cm.
500 ## - NOTA GENERAL
Nota general Precede al tít.: Real Academia de la Historia.
700 1# - ENTRADA AGREGADA--NOMBRE PERSONAL
Nombre de persona García Gómez, Emilio,
Fechas asociadas al nombre 1905-1995
9 (RLIN) 54690
710 2# - ENTRADA AGREGADA--NOMBRE DE ENTIDAD CORPORATIVA
Nombre de entidad corporativa o nombre de jurisdicción como elemento de entrada Real Academia de la Historia (España)
9 (RLIN) 6309
852 ## - LOCALIZACIÓN
Ubicación ES-MaACL
Número de control de estantería A-7579
Sublocalización o colección R.95959
Holdings
Estatus retirado Estado de pérdida Estado de daño No para préstamo Biblioteca de origen Biblioteca actual Ubicación en estantería Fecha de adquisición Fuente de adquisición Total de préstamos Signatura topográfica completa Código de barras Visto por última vez Precio de reemplazo Tipo de ítem Koha
        Biblioteca del Ateneo de Madrid Biblioteca del Ateneo de Madrid Sala Pecera Planta 1 17/01/2008     A-7579 1043054 23/02/2023 23/02/2023 Libro impreso